02091nam a2200337 a 450000100100000000500170001000800410002702000150006804000250008308200180010824501790012626000510030530000280035650400690038450509040045365000420135765000220139965000300142165000310145170000240148270000280150670000280153470000260156270000200158870000190160870000200162770000220164770000220166970000260169170000360171700002446320250311111111.0110127s1998 mx a r 000 | spa d a9684442629 aDO-SdBNPbspacBNPHU a001.42bT252i00aTécnicas de investigación en sociedad, cultura y comunicación /ccolaboración Luis Jesús Galindo Cáceres ... [et al.] ; edición Miguel Ángel Calderón Reyes. aMéxico, D. F. :bPearson Educación,c1998. a523 p. :bil. ;c23 cm. aIncluye referencias bibliográficas al final de los capítulos0 tIntroducción. La lucha de la luz y la sombra /rLuis Jesús Galindo CácerestLa metodología de la encuesta /rHeriberto López RomotGrupos de discusión. De la investigación social a la investigación social a la investigación reflexiva /rBernardo Russi AlzagatAnálisis del discurso /rJulieta HaidartHacia una metodología del discurso histórico /rAlfonso Mendiola y Guillermo ZermeñotLa historia oral y de vida: del recurso técnico a la experiencia de investigación /rJorge E. Aveces LozanotFunción y sentido de la entrevista cualitativa en investigación /rFrancisco SierratEtnografía. El oficio de la mirada y el sentido /rLuis Jesús Galindo CácerestAnálisis semántico basada en imágenes: un enfoque etnometodológico /rReginald A. CliffordtInvestigación acción participativa /rMarta AlcocertHeurística /rGuillermo Espinosa Velasco 4aInvestigación socialxMetodología 0a Investigación  0a Ciencia -xMetodología 4aElaboración de proyectos1 aEspinoza, Guillermo1 aAveces Lozano, Jorge E.1 aLópez Romo, Heriberto1 aClifford, Reginald A.1 aRussi, Bernardo1 aAlcocer, Marta1 aHaidar, Julieta1 aSierra, Francisco1 aMendiola, Alfonso1 aZermeño , Guillermo1 aGalindo Cáceres, Luis Jesús